[Event "VIE-ch U15"]
[Site "Hai Phong"]
[Date "2018.07.13"]
[Round "9"]
[White "Nguyen, Sinh Cung"]
[Black "Dang, Bao Thien"]
[Result "0-1"]
[WhiteElo "1792"]
[BlackElo "1797"]
[PlyCount "52"]
[EventDate "2018.07.07"]
[EventType "swiss"]
[EventRounds "9"]
[EventCountry "VIE"]
[SourceTitle "EXT 2019"]
[Source "ChessBase"]
[SourceDate "2018.10.10"]
[SourceVersion "1"]
[SourceVersionDate "2018.10.10"]
[SourceQuality "1"]

1. e4 c6 2. d4 d5 3. e5 Bf5 4. h4 h6 5. g4 Bh7 6. Bd3 Bxd3 7. Qxd3 e6 8. Nf3 g6 9. Be3 Nd7 10. Nc3 Bb4 11. 0-0-0 Qa5 12. Bd2 Bxc3 13. Bxc3 Qxa2 14. b3 Qa3+ 15. Kd2 Qe7 16. g5 h5 17. Ra1 Qd8 18. Bb4 Ne7 19. Bxe7 Qxe7 20. Ra2 Nb6 21. Rha1 a6 22. Ke2 0-0 23. Kf1 Rac8 24. c4 c5 25. Rb2 Rfd8 26. Kg2 Qc7 0-1

[Event "VIE-ch U15"]
[Site "Hai Phong"]
[Date "2018.07.12"]
[Round "8"]
[White "Nguyen, Gia Huy"]
[Black "Dang, Bao Thien"]
[Result "1/2-1/2"]
[WhiteElo "1790"]
[BlackElo "1797"]
[PlyCount "89"]
[EventDate "2018.07.07"]
[EventType "swiss"]
[EventRounds "9"]
[EventCountry "VIE"]
[SourceTitle "EXT 2019"]
[Source "ChessBase"]
[SourceDate "2018.10.10"]
[SourceVersion "1"]
[SourceVersionDate "2018.10.10"]
[SourceQuality "1"]

1. d4 d5 2. Bf4 Nf6 3. e3 e6 4. Bd3 c6 5. Nd2 b6 6. c3 Bb7 7. Ngf3 Be7 8. Ne5 0-0 9. 0-0 Nbd7 10. h3 c5 11. Rc1 c4 12. Bb1 h6 13. Ndf3 Rc8 14. Nxd7 Qxd7 15. Ne5 Qd8 16. Ng4 Nxg4 17. Qxg4 Bg5 18. h4 Bxf4 19. exf4 Qf6 20. Rce1 Rce8 21. Re5 Qd8 22. Rfe1 f5 23. Qh5 Bc8 24. Bxf5 Rf6 25. Bg6 Ref8 26. f5 exf5 27. Re8 Qd6 28. Rxf8+ Rxf8 29. Re8 Rxe8 30. Bxe8 Qe6 31. Qg6 Kf8 32. Qxe6 Bxe6 33. Bg6 Ke7 34. Kh2 Kf6 35. h5 Kg5 36. g3 f4 37. Kg2 fxg3 38. Kxg3 Kf6 39. Kf4 Bg8 40. b3 cxb3 41. axb3 a5 42. f3 Be6 43. Be8 Bg8 44. b4 axb4 45. cxb4 1/2-1/2

[Event "VIE-ch U15"]
[Site "Hai Phong"]
[Date "2018.07.07"]
[Round "1"]
[White "Dang, Bao Thien"]
[Black "Huynh, Hai Him"]
[Result "1-0"]
[WhiteElo "1797"]
[BlackElo "1812"]
[PlyCount "103"]
[EventDate "2018.07.07"]
[EventType "swiss"]
[EventRounds "9"]
[EventCountry "VIE"]
[SourceTitle "EXT 2019"]
[Source "ChessBase"]
[SourceDate "2018.10.10"]
[SourceVersion "1"]
[SourceVersionDate "2018.10.10"]
[SourceQuality "1"]

1. e4 c5 2. Nf3 d6 3. d4 cxd4 4. Nxd4 Nf6 5. Nc3 a6 6. g3 g6 7. Bg2 Bg7 8. 0-0 0-0 9. a4 Bg4 10. f3 Bd7 11. a5 Nc6 12. Nb3 Rc8 13. Kh1 Be6 14. Nd4 Nxd4 15. Qxd4 Nd5 16. Qa7 Nxc3 17. bxc3 Bc4 18. Bd2 Bxf1 19. Bxf1 Qc7 20. Ra3 Qc5 21. Qxc5 dxc5 22. c4 Rfd8 23. Bd3 Be5 24. f4 Bc7 25. Be3 Rd7 26. Kg2 Bd8 27. e5 f5 28. Be2 e6 29. Bf3 Kf7 30. Kf2 Rb8 31. Ke2 b6 32. Rb3 Bc7 33. axb6 Bxb6 34. Bxc5 Bc7 35. Bc6 Rxb3 36. cxb3 Rd8 37. b4 Rb8 38. b5 axb5 39. cxb5 Bb6 40. Bxb6 Rxb6 41. Kd3 Ke7 42. Kc4 Kd8 43. Kc5 Kc7 44. Bd7 Kb7 45. Be8 Kc7 46. Bf7 Kb7 47. Bg8 h6 48. h4 Kc7 49. Bf7 Rb8 50. Bxe6 Rf8 51. b6+ Kb8 52. Bd5 1-0